|
|
|
|
| LEADER |
00000nas a2200000 a 4500 |
| 001 |
ssj0004922 |
| 003 |
WaSeSS |
| 005 |
20200512172242.0 |
| 006 |
m d |
| 007 |
cr n |
| 008 |
010518c19259999nyuuu p s 0 0eng c |
| 010 |
|
|
|a 2007228669
|
| 022 |
|
|
|y 0021-0552
|
| 035 |
|
|
|a (WaSeSS)ssj0004922
|
| 040 |
|
|
|a FPS
|b eng
|c FPS
|d OCLCQ
|d EYM
|d DOS
|d OCLCQ
|d OCLCA
|d OCLCF
|d OCLCE
|d OCLCA
|d OCLCQ
|d OCL
|d WT2
|d OCLCO
|d OCLCQ
|d OCLCO
|d AU@
|d OCLCA
|d VT2
|d UUM
|d OCLCQ
|d OCLCO
|d WaSeSS
|
| 042 |
|
|
|a pcc
|
| 043 |
|
|
|a n-us-ia
|
| 050 |
1 |
4 |
|a K9
|b .O88
|
| 130 |
0 |
|
|a Iowa law review (Online)
|
| 245 |
1 |
0 |
|a Iowa law review
|h [electronic resource].
|
| 246 |
1 |
3 |
|a Iowa L. Rev
|
| 260 |
|
|
|a Iowa City, Iowa :
|b College of Law, State University of Iowa,
|c ©1925-
|
| 310 |
|
|
|a Five no. a year,
|b Oct. 1969-
|
| 321 |
|
|
|a Four no. a year,
|b 1925-summer 1966
|
| 321 |
|
|
|a Six no. a year,
|b Aug. 1966-June 1969
|
| 362 |
1 |
|
|a Began with vol. 11, no. 1 (Dec. 1925).
|
| 500 |
|
|
|a "Proceedings of the thirty-ninth and fortieth annual meetings of the Iowa State Bar Association held at Waterloo ... 1934 and Sioux City ... 1933: v. 20, no. 1, Nov. 1934, supplement (203 p.)."
|
| 506 |
|
|
|a License restrictions may limit access.
|
| 538 |
|
|
|a Mode of access: World Wide Web.
|
| 550 |
|
|
|a Volumes for 1925-May 1935 published by the College of Law of the State University of Iowa; Nov. 1935- by the students of the College of Law.
|
| 555 |
|
|
|a Vols. 1-11. 1 v.; Vols. 1-22. 1 v.; Vols. 1-52 (Includes index to the journal under its earlier title).
|
| 580 |
|
|
|a The Iowa bar review was issued as the Bar Association section of the Iowa law review from Nov. 1934-1940.
|
| 588 |
0 |
|
|a First issue; title from table of contents page (Hein Online, viewed Sept. 25, 2007).
|
| 588 |
1 |
|
|a Vol. 91, no. 5 (July 2006) (viewed Sept. 25, 2007).
|
| 650 |
|
0 |
|a Law reviews
|z Iowa.
|
| 650 |
|
0 |
|a Law reports, digests, etc
|z Iowa.
|
| 650 |
|
7 |
|a Law reports, digests, etc.
|2 fast
|0 (OCoLC)fst00994106
|
| 650 |
|
7 |
|a Law reviews.
|2 fast
|0 (OCoLC)fst00994120
|
| 651 |
|
7 |
|a Iowa.
|2 fast
|0 (OCoLC)fst01205835
|
| 655 |
|
0 |
|a Electronic journals.
|
| 710 |
2 |
|
|a University of Iowa.
|b College of Law.
|
| 776 |
0 |
8 |
|i Print version:
|t Iowa law review
|x 0021-0552
|w (DLC) 16027401
|w (OCoLC)1753893
|
| 780 |
0 |
0 |
|t Iowa law bulletin (Online)
|w (OCoLC)49544624
|
| 785 |
1 |
1 |
|t Iowa bar review (Online)
|
| 856 |
4 |
0 |
|z Full text available from Research Library: 05/01/2014 to present
|u https://search.proquest.com/publication/2032728
|